000 00509nam a22002057a 4500
003 dpl
005 20180809151127.0
008 180809b xxu||||| |||| 00| 0 eng d
010 _aB-508116
020 _c0.00
035 _aB-508116
037 _bBPPD/PUB
040 _c0
082 _a230.1
245 _aRamayana /
300 _a256p. :
_bcol photos
_c30cm. (Hb)
650 _aKathakali plays
650 _aRāma (Hindu deity)
942 _adpl
_cEN
_k230.1 / RAM
_2ddc
_h230.1
_mRAM
999 _c155717
_d155717